Pokémon - Les attaques de Maskadra - Statistiques

Statistiques générales
  • Ce quiz a été pris 19 fois
  • Le résultat moyen est 7 sur 14
Statistiques - réponses
Niveaux Types Noms des attaques % Correct
Niveau 38 Vol Lame d'Air
80%
Départ Niveau 42 Insecte Bourdon
70%
Niveau 22 Vol Tranch'Air
70%
Départ Eau Écume
60%
Départ Niveau 52 Insecte Papillodanse
60%
Niveau 17 Vol Tornade
60%
Départ Niveau 14 Eau Tourniquet
60%
Niveau 32 Insecte Vent Argenté
60%
Départ Niveau 48 Normal Cyclone
50%
Niveau 26 Plante Para-Spore
50%
Départ Niveau 6 Normal Vive-Attaque
50%
Départ Niveau 9 Normal Doux Parfum
20%
Niveau 22 Normal Grimace
20%
Départ Spectre Vent Mauvais
20%
Aucun quiz correspondant
Distribution des résultats
% des personnes avec chaque résultat
Percentile par nombre de réponses
Votre historique - résultats
Vous n’avez pas pris ce quiz